[Event "Muensterland Verbandsklasse Gr1 2223"]
[Site "Germany"]
[Date "2022.10.29"]
[Round "2.2"]
[White "Dolle, Stefan"]
[Black "Doehler, Thorsten"]
[Result "0-1"]
[WhiteElo "1831"]
[BlackElo "1748"]
[PlyCount "78"]
[EventDate "2022.09.17"]
[EventType "team-tourn"]
[EventRounds "5"]
[EventCountry "GER"]
[SourceTitle "EXT 2024"]
[Source "ChessBase"]
[SourceDate "2023.10.10"]
[SourceVersion "1"]
[SourceVersionDate "2023.10.10"]
[SourceQuality "1"]
[WhiteTeam "Heiden II"]
[BlackTeam "Duelmen II"]
[WhiteTeamCountry "GER"]
[BlackTeamCountry "GER"]

1. d4 Nf6 2. c4 e5 3. dxe5 Ng4 4. Qd4 d6 5. exd6 Bxd6 6. Nf3 0-0 7. h3 Nc6 8. Qd1 Nxf2 9. Bg5 Nxd1 10. Bxd8 Ne3 11. Kd2 Nxf1+ 12. Rxf1 Rxd8 13. Nc3 Ne5 14. Nxe5 Bxe5+ 15. Kc2 Be6 16. b3 Rd7 17. Rad1 Bxc3 18. Kxc3 Rad8 19. Rd3 Kf8 20. a3 Rxd3+ 21. exd3 Bc8 22. d4 Rd6 23. b4 Ke7 24. Rf3 f5 25. a4 Rg6 26. g3 Rf6 27. Kd3 g5 28. d5 Ra6 29. a5 b6 30. Kd4 bxa5 31. b5 Rh6 32. Re3+ Kd8 33. Ra3 a6 34. Rxa5 axb5 35. Rxb5 Rxh3 36. Rb8 Rxg3 37. c5 Rg4+ 38. Ke5 Re4+ 39. Kf6 g4 0-1

[Event "Muensterland Regionalliga 1617"]
[Site "Germany"]
[Date "2017.03.11"]
[Round "7.8"]
[White "Doehler, Thorsten"]
[Black "Spanka, Friedhelm"]
[Result "1/2-1/2"]
[WhiteElo "1821"]
[BlackElo "1519"]
[PlyCount "60"]
[EventDate "2016.09.17"]
[EventType "team"]
[EventRounds "9"]
[EventCountry "GER"]
[SourceTitle "EXT 2018"]
[Source "ChessBase"]
[SourceDate "2017.10.13"]
[SourceVersion "1"]
[SourceVersionDate "2017.10.13"]
[SourceQuality "1"]
[WhiteTeam "Duelmen"]
[BlackTeam "Olfen"]
[WhiteTeamCountry "GER"]
[BlackTeamCountry "GER"]

1. e4 c5 2. Nc3 Nc6 3. f4 d6 4. Nf3 Nf6 5. Bb5 Bd7 6. 0-0 g6 7. d3 Bg7 8. Bxc6 Bxc6 9. Qe1 0-0 10. Qh4 e6 11. g4 Rc8 12. Ne2 c4 13. Be3 cxd3 14. cxd3 Bb5 15. Rad1 Nxe4 16. Qxd8 Rfxd8 17. Ned4 Bxd4 18. Nxd4 Ba6 19. dxe4 Bxf1 20. Rxf1 e5 21. fxe5 dxe5 22. Nf3 f6 23. g5 f5 24. exf5 gxf5 25. Nxe5 Rd5 26. Rxf5 Rc2 27. Ng4 Rxf5 28. Nh6+ Kg7 29. Nxf5+ Kg6 30. Ng3 Rxb2 1/2-1/2

[Event "Muensterland Regionalliga 1415"]
[Site "Germany"]
[Date "2015.05.16"]
[Round "9.8"]
[White "Doehler, Thorsten"]
[Black "Rath, Josef"]
[Result "1-0"]
[WhiteElo "1774"]
[BlackElo "1652"]
[PlyCount "97"]
[EventDate "2014.09.20"]
[EventType "team-tourn"]
[EventRounds "9"]
[EventCountry "GER"]
[SourceTitle "EXT 2016"]
[Source "ChessBase"]
[SourceDate "2015.10.08"]
[SourceVersion "1"]
[SourceVersionDate "2015.10.08"]
[SourceQuality "1"]
[WhiteTeam "Duelmen"]
[BlackTeam "Nienberge"]
[WhiteTeamCountry "GER"]
[BlackTeamCountry "GER"]

1. e4 g6 2. d4 Bg7 3. Nc3 d6 4. Be2 Nf6 5. g4 c5 6. g5 Nfd7 7. Be3 h6 8. gxh6 Bxh6 9. Bxh6 Rxh6 10. Qd2 Rh8 11. 0-0-0 Nc6 12. Nf3 Qa5 13. Bb5 Rh3 14. Ng5 Rh5 15. Qf4 f6 16. Ne6 Kf7 17. Be2 cxd4 18. Bxh5 dxc3 19. Bxg6+ Kxg6 20. Rhg1+ Kf7 21. Qg4 Nf8 22. Qg8+ Ke8 23. Nxf8 Kd8 24. Rxd6+ exd6 25. Ne6+ Kd7 26. Rg7+ Ne7 27. Nf8+ Kc6 28. Qc4+ Kb6 29. Rxe7 cxb2+ 30. Kxb2 Qb5+ 31. Qxb5+ Kxb5 32. Nd7 Bxd7 33. Rxd7 Kc6 34. Rf7 Rh8 35. Rxf6 Rxh2 36. e5 Rh7 37. Rxd6+ Kc5 38. Rd2 Rf7 39. Kc1 b5 40. Kd1 Kc4 41. Ke2 b4 42. Ke3 Kc3 43. Re2 a5 44. f4 a4 45. e6 Re7 46. f5 Kc4 47. Ke4 Kc5 48. Ke5 Kc6 49. Kf6 1-0